Normal view
MARC view
Entry Personal Name
001 - CONTROL NUMBER
- control field: 259596
003 - CONTROL NUMBER IDENTIFIER
- control field: OSt
005 - DATE AND TIME OF LATEST TRANSACTION
- control field: 20220925183903.0
008 - FIXED-LENGTH DATA ELEMENTS
- fixed length control field: 220925|| aca||aabn | a|a d
040 ## - CATALOGING SOURCE
- Original cataloging agency: OSt
- Transcribing agency: OSt
100 ## - HEADING--PERSONAL NAME
- Personal name: India, Works, Housing and Supply (M/O)
670 ## - SOURCE DATA FOUND
- Source citation: Work cat.: (OSt)506137: India, Works, Housing and Supply (M/O) 259595, Subsidised housing scheme for industrial workers,grant of loans and subsidies towards housing., 1955
